000
00307nam a22001337a 4500
008
170713b xxu||||| |||| 00| 0 eng d
020
_a
082505006954
041
_a
eng
080
_2
1ST
_a
038
100
_a
23
101
_a
FJA
245
_a
DICTIONARY OF GRAPHIC ARTS TERMS
_c
JACKSON,K.M
942
_2
udc
_c
BK
999
_c
20423
_d
20423